000 00288nam a2200157Ia 4500
100 _aDean/Jared
650 _aBig data
942 _cRB
366 _f10
654 _abig data
245 _aBig data
260 _bWiley
_c2014
082 _bDEA
300 _a265
546 _aENGLISH
999 _c28427
_d28427